Полевая учебная практика по инженерной геологии в Хакасии: учебное пособие

Podrobná bibliografie
Hlavní autor: Строкова Л. А. Людмила Александровна
Korporativní autor: Национальный исследовательский Томский политехнический университет (ТПУ) Институт природных ресурсов (ИПР) Кафедра гидрогеологии, инженерной геологии и гидрогеоэкологии (ГИГЭ)
Shrnutí:Заглавие с титульного экрана
Электронная версия печатной публикации
В методическом руководстве, предназначенном для студентов, проходящих учебную практику в Хакасии, дан краткий очерк инженерно-геологических условий района. В нем содержится программа, состав и объем полевых и камеральных работ; порядок их выполнения; образцы оформления и заполнения полевых журналов, ведомостей и графических приложений материалов инженерно-геологических изысканий. Приведены подробные указания по решению инженерно-геологических задач. Предназначено для студентов, обучающихся по направлению 130101 "Геология и разведка полезных ископаемых", специализация "Поиски и разведка подземных вод и инженерно-геологические изыска­ния".
Режим доступа: из корпоративной сети ТПУ
Jazyk:ruština
Vydáno: Томск, Изд-во ТПУ, 2013
Vydání:3-е изд.
Témata:
On-line přístup:http://www.lib.tpu.ru/fulltext2/m/2013/m261.pdf
Médium: MixedMaterials Elektronický zdroj Kniha
KOHA link:https://koha.lib.tpu.ru/cgi-bin/koha/opac-detail.pl?biblionumber=244704

MARC

LEADER 00000nlm0a2200000 4500
001 244704
005 20240205104010.0
035 |a (RuTPU)RU\TPU\book\266094 
090 |a 244704 
100 |a 20131028d2013 m y0rusy50 ca 
101 0 |a rus 
102 |a RU 
105 |a a j 001zy 
135 |a drcn ---uucaa 
181 0 |a i  
182 0 |a b 
200 1 |a Полевая учебная практика по инженерной геологии в Хакасии  |e учебное пособие  |f Л. А. Строкова  |g Национальный исследовательский Томский политехнический университет (ТПУ), Институт природных ресурсов (ИПР), Кафедра гидрогеологии, инженерной геологии и гидрогеоэкологии (ГИГЭ) 
203 |a Текст  |c электронный 
205 |a 3-е изд. 
210 |a Томск  |c Изд-во ТПУ  |d 2013 
300 |a Заглавие с титульного экрана 
300 |a Электронная версия печатной публикации 
330 |a В методическом руководстве, предназначенном для студентов, проходящих учебную практику в Хакасии, дан краткий очерк инженерно-геологических условий района. В нем содержится программа, состав и объем полевых и камеральных работ; порядок их выполнения; образцы оформления и заполнения полевых журналов, ведомостей и графических приложений материалов инженерно-геологических изысканий. Приведены подробные указания по решению инженерно-геологических задач. Предназначено для студентов, обучающихся по направлению 130101 "Геология и разведка полезных ископаемых", специализация "Поиски и разведка подземных вод и инженерно-геологические изыска­ния". 
333 |a Режим доступа: из корпоративной сети ТПУ 
337 |a Adobe Reader 
451 1 |0 (RuTPU)RU\TPU\book\209467  |t Полевая учебная практика по инженерной геологии в Хакасии  |o учебное пособие  |f Л. А. Строкова  |g Национальный исследовательский Томский политехнический университет (ТПУ)  |c Томск  |n Изд-во ТПУ  |d 2010  |a Строкова, Людмила Александровна 
488 1 |0 (RuTPU)RU\TPU\book\221476  |y 978-5-98298-794-5  |t Полевая учебная практика по инженерной геологии в Хакасии  |o учебное пособие  |f Л. А. Строкова  |g Национальный исследовательский Томский политехнический университет (ТПУ)  |e 2-е изд.  |c Томск  |n Изд-во ТПУ  |d 2011  |p 131 с.  |a Строкова, Людмила Александровна 
606 1 |a Инженерная геология  |2 stltpush  |3 (RuTPU)RU\TPU\subj\12572  |9 39335 
606 1 |a Геологическая практика, учебная  |2 stltpush  |3 (RuTPU)RU\TPU\subj\68089  |9 83627 
610 1 |a электронный ресурс 
610 1 |a труды учёных ТПУ 
610 1 |a учебная практика 
610 1 |a Хакасия 
610 1 |a геологический очерк 
610 1 |a инженеры-геологи 
610 1 |a профессиональная деятельность 
610 1 |a учебная работа 
610 1 |a учебно-методическое обеспечение 
610 1 |a материально-техническое обеспечение 
610 1 |a программа 
610 1 |a инновационные методы 
610 1 |a прикладная геология 
610 1 |a учебные пособия 
610 1 |a подземные воды 
610 1 |a разведка 
675 |a 624.131.1(075.8)  |v 3 
675 |a 55(075.8)  |v 3 
700 1 |a Строкова  |b Л. А.  |c геолог  |c профессор Томского политехнического университета, доктор геолого-минералогических наук  |f 1963-  |g Людмила Александровна  |3 (RuTPU)RU\TPU\pers\25433  |9 11375 
712 0 2 |a Национальный исследовательский Томский политехнический университет (ТПУ)  |b Институт природных ресурсов (ИПР)  |b Кафедра гидрогеологии, инженерной геологии и гидрогеоэкологии (ГИГЭ)  |3 (RuTPU)RU\TPU\col\18664 
801 2 |a RU  |b 63413507  |c 20170327  |g RCR 
856 4 |u http://www.lib.tpu.ru/fulltext2/m/2013/m261.pdf 
942 |c CF